00353nam a2200133Ia 4500008004100000020001200041040001600053041001200069082001800081100001600099245005600115260003300171300001500204230917s9999||||xx |||||||||||||| ||und|| cPON6.95 e25057aMAIN aEnglish a301.418 H638H aHite, Shere 0aHite report: A nationwide study of female sexuality aLondonbTalmy Franklinc1977 aix, 438 p.